000 00967nam a2200265 i 4500
001 183568
003 ES-MaACL
005 20250731034211.0
008 140722s2014 sp ac |||| |aspa d
020 _a978-84-15916-61-1
080 _a929 Abellán, José Luis
100 1 _aAbellán, José Luis,
_d1933-2023
_9176509
245 1 0 _aMi geografía sentimental /
_cJosé Luis Abellán.
250 _a1 ª ed.
260 _aMadrid :
_bPigmalión,
_c2014.
300 _a247 p., [15] p. de lám., retr. ;
_c21cm.
505 8 _aContiene: Mis años de ateneísta, p. 157-175
600 1 4 _aAbellán, José Luis,
_d1933-2023
_9176509
610 2 4 _aAteneo de Madrid-
_vHistoria-
_vRelatos personales
_91926
852 _aES-MaACL
_jA-13177
_9190510
_bR.150198
_cDEPO1
_dOlim: N-6177
_hDonación: José Luis Abellán
903 _aAbellán, José Luis,
_d1933-2023
_q1
_ednr
_9176509
942 _2udc
_cMONOGRAFIA
999 _c183568
_d183568